Answers Contain "Touch" - Statistics

General Stats
  • This quiz has been taken 117 times
  • The average score is 6 of 15
Answer Stats
Hint Answer % Correct
It's worth six points in American football. touchdown
97%
The ability to turn everything into gold, named for a Greek king Midas Touch
85%
Usual input device for smartphones touchscreen
78%
It is a boundary in rugby or soccer. touch-line
51%
Division that released most of Disney's PG-13 and R films Touchstone
51%
1990 hit by MC Hammer U Can't Touch This
49%
1968 song by the Doors from The Soft Parade Touch Me
37%
1986 song and album by Genesis Invisible Touch
32%
1990 Divinyls hit I Touch Myself
26%
1984 Hall & Oates song Out of Touch
25%
1999 single by the Bloodhound Gang The Bad Touch
22%
1987 hit by the Grateful Dead Touch of Grey
17%
1994–2003: Fantasy drama TV series on CBS Touched by an Angel
16%
2006 Kanye West song Touch the Sky
15%
1958 film noir written and directed by Orson Welles Touch of Evil
13%
No matching quizzes found
Score Distribution
Percent of People with Each Score
Percentile by Number Answered
Your Score History
You have not taken this quiz